| Поле | Название | Значение |
| |
Тип записи |
a |
| |
Библиографический уровень |
m |
| 001 |
Контрольный номер |
RU\bookru\bibl\900602 |
| 003 |
Постоянный идентификатор записи |
http://www.book.ru/book/900602 |
| 005 |
Дата корректировки |
20161026111803.0 |
| 010 |
Индекс ISBN |
__ |
| a |
ISBN |
978-5-406-00907-9 |
| 100 |
Данные общей обработки |
0_ |
| a |
Данные общей обработки |
20130201d2011 mk y0rusy50 ca |
| 101 |
Язык документа |
0_ |
| a |
Язык текста |
Русский |
| 102 |
Страна публикации |
__ |
| a |
Страна публикации |
RU |
| 105 |
Кодированные данные (монография) |
__ |
| a |
Кодированные данные (монография) |
y ||||000yy |
| 200 |
Заглавие и сведения об ответственности |
1_ |
| a |
Заглавие |
Экономика предприятия сервиса |
| 210 |
Выходные данные |
__ |
| a |
Место издания |
Москва |
| c |
Издательство |
КноРус |
| d |
Дата издания |
2011 |
| 215 |
Физическое описание |
__ |
| a |
Объем |
276 |
| 330 |
Аннотация |
__ |
| a |
Аннотация |
Рассмотрены виды услуг, их основные характеристики, показана роль услуг в развитии экономики. В каждой главе дается материал по общим вопросам экономики предприятий в условиях рынка и специфическим особенностям деятельности предприятий сервиса. Даются примеры из опыта мирового и отечественного сервиса. В пособие включены схемы, рисунки, таблицы. В конце пособия дан практикум по всем темам курса: вопросы для обсуждения, тесты, практические задания.
|
| Д |
|
ля студентов, аспирантов, слушателей системы послевузовского обучения, предпринимателей, руководителей, специалистов предприятий сферы сервиса. |
| 606 |
Тематические рубрики |
__ |
| a |
Основная рубрика |
Отраслевая экономика |
| 2 |
Код системы |
local |
| 608 |
Указатель предметных рубрик |
__ |
| a |
Жанр/форма |
Учебное пособие |
| 2 |
Код системы |
local |
| 675 |
Индекс УДК |
__ |
| a |
Индекс УДК |
338.46(075.8) |
| z |
Язык издания |
rus |
| 686 |
Индексы других классификаций |
__ |
| a |
Классификационный индекс |
65.43я73 |
| 2 |
Код системы |
rubbk |
| 700 |
Автор |
_1 |
| a |
Фамилия |
Грибов В.Д., Леонов А.Л. |
| 801 |
Источник записи |
_1 |
| a |
Страна |
RU |
| b |
Организация |
book_ru |
| c |
Дата составления |
20130201 |
| g |
Правила каталогизации |
RCR |
| 856 |
Электронный адрес документа |
4_ |
| u |
Универсальный указатель ресурса (URL) |
http://www.book.ru/book/900602 |
| 951 |
|
__ |
| a |
|
http://www.book.ru/book/900602 |